000 00913cam a22002055a 4500
001 L159153
008 160211s2015 xxk f 000 0 eng d
020 _a9780415741613
035 _a(Sirsi) u159153
041 0 _aeng
100 1 _aBaum, Andrew
245 0 0 _aReal estate investment
_ba strategic apporach
250 _a3rd
260 _aAbingdon
_bRoutledge
_c2015
520 _aProvides an introduction to the theory and practice of real estate investing. Examines the international real estate investment industry as it reacts to the global financial situation. Outlines the market, explains the investment process, vehicles available for investment and global portfolio investment construction. Includes discussion questions and uses case studies drawing on examples from around the world.
650 2 4 _aPORTFOLIO INVESTMENT
651 4 _aInternational
690 _aInvestments
_96250
942 _n0
999 _c115708
_d115708